000 00693nam a22001337a 4500
040 _cRUA
082 _aAGR THO 2015 B520 Or.1
100 _aTHORNG SOVUTHY; ថោង សុវុទ្ធី
245 _aEffectiveness of different rate of rice husk charcoal on radish at royal university of agriculture; ប្រសិទ្ធភាពនៃបរិមាណធ្យូងអង្កាមខុសៗគ្នាលើដំណាំឆៃថាវក្នុងលក្ខខណ្ឌសាកលវិទ្យាល័យភូមិន្ទកសិកម្ម
260 _aPhnom Penh
_bTHO
_c2015
300 _ax;38p.
_bill.
_c29cm.
856 _uTHORNG SOVUTHY
942 _cAGR
999 _c10752
_d10752